Vizualizačný modul pre zobrazovanie 3D plôch

Gespeichert in:
Bibliographische Detailangaben
1. Verfasser: Pavlík, Juraj, 1991- (Verfasst von)
Weitere Verfasser: Eliáš, Michal, 1977- (Betreuung Doktorarbeit)
Format: Manuskript Buch
Sprache:Slowakisch
Veröffentlicht: 2015
Schlagworte:
Online-Zugang:http://is.stuba.sk/zp/portal_zp.pl?podrobnosti=109945
Tags: Tag hinzufügen
Keine Tags, Fügen Sie das erste Tag hinzu!

MARC

LEADER 00000ntm a22000003a 4500
001 stuzp50617
003 SK-STU
005 20160719153617.3
007 ta
008 150427s2015----xo-----f-mn---000-0-slo-d
040 |a STU  |b slo 
041 0 |a slo 
100 1 |a Pavlík, Juraj,  |d 1991-  |u 066000  |4 aut  |U MTF Materiálovotechnologická fakulta  |T MTF Ústav aplikovanej informatiky, automatizácie a mechatroniky  |X 6490  |U M6000  |Y 86  |7 A000006490 
242 0 1 |a Visualization module for viewing 3D surfaces  |y eng 
245 1 0 |a Vizualizačný modul pre zobrazovanie 3D plôch 
260 |c 2015 
650 4 |a Viewport3D  |2 slo 
650 4 |a LsmReader  |2 slo 
650 4 |a Windows Presentation Foundation  |2 slo 
650 4 |a Konfokálny laserový mikroskop  |2 slo 
650 4 |a LSM  |2 slo 
650 4 |a ZEN2009  |2 slo 
650 4 |a C#  |2 slo 
650 4 |a 3D grafika  |2 slo 
650 4 |a 3D graphics  |2 eng 
650 4 |a LsmReader  |2 eng 
650 4 |a Windows Presentation Foundation  |2 eng 
650 4 |a C#  |2 eng 
650 4 |a Confocal laser scanning microscopy  |2 eng 
650 4 |a LSM  |2 eng 
650 4 |a ZEN2009  |2 eng 
650 4 |a Viewport3D  |2 eng 
700 1 |a Eliáš, Michal,  |d 1977-  |4 ths  |X 2874  |7 A000002874 
856 4 |u http://is.stuba.sk/zp/portal_zp.pl?podrobnosti=109945 
996 |c M* DP-12446  |l MMSKP  |s P  |a 0  |w stuzp50617_0001 
SQL |a stuzp50617  |b DDP  |c SLO  |d Vizualizačný modul pre zobrazovanie 3D plôch  |e 6490  |f Pavlík, Juraj  |g 066000  |h 2874  |i Eliáš, Michal  |j 20150602  |k 965  |l 06  |m http://is.stuba.sk/zp/portal_zp.pl?podrobnosti=109945  |n I-AIPP  |o 5.2.14. automatizácia